00485cam a22002051 45000010005000000030009000050050017000140070005000310080041000360160016000770350006000930400022000990800006001211000036001272450044001632600036002073000024002434900006002678300006002730066DO-SdBNP20180206114909.00066000401s1969 ve spa 7 a z 2BPMSU a  aBPMSUbspacBPMSU a 1 aUslar Pietri, Arturod1906-200110aVeinticinco ensayos :h bantología / a[Caracas]bMonte Ávila,c1969 a248 p., 2 h.c20 cm0 a  a